Knihovníci na výlete

Bibliographic Details
Main Author: Amrichová, Jana, 1951- (Author)
Format: Article
Language:Slovak
PhysicalDescription:Obr.
ISSN:1337-9356
Subjects:
Online Access:http://www.vkjb.sk/vkjb_zdroje/casopis_knihovnik/2011_01/36.pdf

MARC

LEADER 00000nab a2200000 a 4500
001 vtls010325721
003 SK-MaSNL
005 20260401203807.0
008 171108 2011 xo 000 0 slo
038 |a KEVKJB 
040 |a KEVKJB  |b slo  |c KEVKJB  |e AACR2 
041 0 |a slo 
044 |a xo  |c SK 
080 |a 02:061.2  |x (437.672)  |2 2001 
100 1 |a Amrichová, Jana,  |d 1951-  |4 aut  |9 103199 
245 1 0 |a Knihovníci na výlete  |c Jana Amrichová 
300 |a Obr. 
610 2 7 |a Vihorlatská knižnica v Humennom  |2 kevkjb  |9 242431 
610 2 7 |a Spolok slovenských knihovníkov.  |b Krajská pobočka Košického kraja  |2 kevkjb  |9 256670 
651 7 |a Košice (Slovensko)  |2 kevkjb  |9 18694 
651 7 |a Humenné (Slovensko)  |2 kevkjb  |9 19199 
773 0 |t Knihovník  |g Roč. 33, č. 1 (2011), s. 36-37  |x 1337-9356 
852 |a KEVKJB  |b KIS3GCP 
856 4 1 |u http://www.vkjb.sk/vkjb_zdroje/casopis_knihovnik/2011_01/36.pdf 
958 |a KL 
999 |c 3124151  |d 3126081